Materials and design: the art and science of material selection in product design
Uloženo v:
| Hlavní autoři: | , |
|---|---|
| Médium: | Kniha |
| Jazyk: | angličtina |
| Vydáno: |
Amsterdam
Elsevier
2002
|
| Vydání: | 1a. ed |
| Témata: | |
| Tagy: |
Přidat tag
Žádné tagy, Buďte první, kdo vytvoří štítek k tomuto záznamu!
|
MARC
| LEADER | 00000nam a2200000 a 4500 | ||
|---|---|---|---|
| 001 | UCH0635 | ||
| 003 | CL-VaPUC | ||
| 008 | 090320e20020000NE |||||||||||||||||eng|d | ||
| 020 | |a 9780750655545 | ||
| 082 | 0 | 4 | |a 620.11 |b ASH |2 21 |
| 100 | 0 | |a Ashby, Mike |e author |9 534901 | |
| 700 | 0 | |a Johnson, Kara |e author |9 534902 | |
| 245 | 1 | 0 | |a Materials and design: the art and science of material selection in product design |
| 250 | |a 1a. ed | ||
| 300 | |a 336 p | ||
| 942 | |c BK | ||
| 945 | |d 20090320 00:00:00 |a rbrito | ||
| 260 | |a Amsterdam |b Elsevier |c 2002 | ||
| 650 | 0 | |a Materiales |9 260800 | |
| 650 | 0 | |a Diseño gráfico |9 266874 | |
| 650 | 7 | |a DISEÑO DE PRODUCTO |2 CL-VaPUC |9 534903 | |
| 650 | 0 | |a Producción |9 263680 | |
| 583 | |a last modification |c 20140403 04:30:33 |k Rodrigo Vera | ||
| 999 | |c 332916 |d 332914 | ||
| 952 | |0 0 |1 0 |2 ddc |4 0 |6 620_110000000000000_ASH_2002 |7 0 |8 A |9 420976 |a BIBMEC |b BIBMEC |d 2019-11-22 |i 4521579 |o 620.11 ASH 2002 |p 4521579 |r 2024-01-19 |w 2019-11-22 |y BK_P |k MEC | ||